Đặc điểm tu từ tiếng Anh trong các văn bản hợp đồng mua bán ngoại thương

Spremljeno u:
Bibliografski detalji
Glavni autor: Huỳnh Thị Kim Giang.
Daljnji autori: Nguyễn Thị Thanh Lâm., Thái Duy Bảo, PTS (hướng dẫn.)
Format: Knjiga
Jezik:English
Izdano: Đà Nẵng, 1993.
Teme:
Oznake: Dodaj oznaku
Bez oznaka, Budi prvi tko označuje ovaj zapis!
Thư viện lưu trữ: Mạng thư viện Đại học Đà Nẵng
LEADER 01086cmm a2200361 i 4500
001 000044837
003 3247
005 20030508154138.0
008 010312|1993 vm 000 eng
040 |a IRC  |c IRC  |d IRC 
041 0 |a eng 
082 1 4 |a 428  |b HU-G 
100 1 |a Huỳnh Thị Kim Giang. 
245 0 0 |a Đặc điểm tu từ tiếng Anh trong các văn bản hợp đồng mua bán ngoại thương  |h [Thesis-Luận văn] /  |c Huỳnh Thị Kim Giang, Nguyễn Thị Thanh Lâm thực hiện; Thái Duy Bảo hướng dẫn. 
260 |a Đà Nẵng,  |c 1993. 
300 |a 87tr. ;  |c 29cm. 
630 0 4 |a Anh ngữ. 
630 0 4 |a Khoá luận. 
630 0 4 |a Tu từ. 
630 0 4 |a Hợp đồng. 
650 0 4 |a Anh ngữ  |x Thương mại. 
700 1 |a Nguyễn Thị Thanh Lâm. 
700 1 |a Thái Duy Bảo,  |c PTS,  |e hướng dẫn. 
OWN |a DUT 
999 |a From the UDN01 
TYP |a Computer file 
TYP |a Monograph 
980 |a Mạng thư viện Đại học Đà Nẵng